Central bank intervention and market expectations
Salvato in:
| Autore principale: | |
|---|---|
| Altri autori: | |
| Natura: | Libro |
| Lingua: | inglese |
| Pubblicazione: |
Basel
Bank for International Settlements
2002
|
| Serie: | BIS Papers
No. 10 |
| Soggetti: | |
| Tags: |
Nessun Tag, puoi essere il primo ad aggiungerne!!
|
MARC
| LEADER | 00000nam a2200000 4500 | ||
|---|---|---|---|
| 001 | 0024472 | ||
| 005 | 20221129100814.5 | ||
| 020 | |a 92-9131-633-4 | ||
| 022 | |a 1609-0381 | ||
| 041 | 0 | |a eng | |
| 044 | |a CH | ||
| 245 | 1 | 0 | |a Central bank intervention and market expectations |c by Gabriele Galati and Will Melick |
| 264 | 1 | |a Basel |b Bank for International Settlements |c 2002 | |
| 300 | |a 88 s. | ||
| 490 | 1 | |a BIS Papers |v No. 10 | |
| 830 | 0 | |a BIS Papers |v No. 10 | |
| 610 | 2 | 0 | |a banky centrálne |
| 610 | 2 | 0 | |a intervencie devízové |
| 610 | 2 | 0 | |a trh |
| 610 | 2 | 0 | |a mena |
| 100 | 1 | |a Galati, Gabriele | |
| 700 | 1 | |a Melick, Will | |